[Event "Tournament 14459 - Europe Echecs"]
[Site "Europe Echecs"]
[Date "2020.07.07"]
[Round "6"]
[Time "16:43:34"]
[PlyCount "101"]
[White "DeMartinoDanie"]
[Black "VijaySoukreev"]
[WhiteElo "870"]
[BlackElo "1204"]
[Mode "WEB"]
[Result "0-1"]

1. e4 e5 2. Nf3 Nc6 3. Bc4 Nf6 4. Ng5 d5 5. exd5 Na5 6. Bb5+ c6 7. dxc6 bxc6 8.
Ba4 h6 9. Nf3 e4 10. Nh4 g5 11. Nf5 Bxf5 12. O-O Bd6 13. b3 Be5 14. Nc3 Bxc3 15.
dxc3 Qxd1 16. Rxd1 Rc8 17. Bb2 O-O 18. c4 Nd7 19. Rf1 Nb6 20. f3 Nxa4 21. bxa4
exf3 22. Rxf3 Bxc2 23. Rh3 Kh7 24. Ba3 Rfe8 25. Rc3 Bg6 26. Bb4 Nb7 27. Rb3 Nd8
28. Ba5 Ne6 29. Re3 Nd4 30. Ree1 Nc2 31. Rxe8 Rxe8 32. Rc1 Nd4 33. Bc3 Ne2+ 34.
Kf1 Nxc1 35. Bd2 Bd3+ 36. Kf2 Re2+ 37. Kf3 Rxd2 38. Ke3 Rxg2 39. h3 Bxc4 40. Kf3
Rxa2 41. a5 Rxa5 42. Kg3 Rb5 43. Kg2 a5 44. Kf2 a4 45. Ke3 a3 46. Kd2 a2 47.
Kxc1 a1=Q+ 48. Kc2 Qb1+ 49. Kd2 Qd3+ 50. Kc1 Rb1# {DeMartinoDanie est échec et mat} 0-1

[Event "Tournament 14459 - Europe Echecs"]
[Site "Europe Echecs"]
[Date "2020.07.07"]
[Round "6"]
[Time "16:43:34"]
[PlyCount "122"]
[White "TureshbayevAno"]
[Black "PleutMael"]
[WhiteElo "799"]
[BlackElo "1191"]
[Mode "WEB"]
[Result "1-0"]

1. e4 e6 2. d4 d5 3. Nc3 Nf6 4. Bg5 h6 5. Bxf6 gxf6 6. Nf3 Bb4 7. exd5 Qxd5 8.
a3 Bxc3+ 9. bxc3 b6 10. Be2 Bb7 11. O-O Rg8 12. c4 Qc6 13. Qd3 Nd7 14. Qh7 Ke7
15. Qxh6 Rh8 16. Qe3 Rag8 17. d5 Qd6 18. g3 e5 19. Rad1 c6 20. dxc6 Qxc6 21. Rd3
Kf8 22. Rfd1 e4 23. Rxd7 exf3 24. Rd8+ Kg7 25. Rxg8+ Rxg8 26. Bd3 Rh8 27. h4 Qc8
28. Be4 Bxe4 29. Qxe4 Rh6 30. Qxf3 Qxc4 31. Qd3 Qg4 32. Kh2 f5 33. Qd4+ Kf8 34.
Qxg4 fxg4 35. Rd4 f5 36. Rf4 Rh5 37. f3 gxf3 38. Rxf3 Ke7 39. Kh3 Kf6 40. g4 Rh6
41. Rxf5+ Ke6 42. Rh5 Rxh5 43. gxh5 Kf5 44. h6 Kg6 45. Kg4 Kxh6 46. h5 Kg7 47.
Kg5 Kg8 48. Kg6 Kh8 49. h6 Kg8 50. h7+ Kh8 51. Kf7 Kxh7 52. Ke7 Kg6 53. Kd7 Kf5
54. Kc7 Ke4 55. Kb7 Kd4 56. Kxa7 Kc3 57. Kxb6 Kxc2 58. a4 Kb3 59. a5 Kb4 60. a6
Kc4 61. a7 {PleutMael a abandonné} 1-0

[Event "Tournament 14459 - Europe Echecs"]
[Site "Europe Echecs"]
[Date "2020.07.07"]
[Round "6"]
[Time "16:43:34"]
[PlyCount "77"]
[White "DaghsenAdem"]
[Black "NouvelJehan"]
[WhiteElo "1400"]
[BlackElo "1104"]
[Mode "WEB"]
[Result "0-1"]

1. e4 e6 2. Nf3 d5 3. Nc3 Nf6 4. exd5 Nxd5 5. Nxd5 exd5 6. d4 Bd6 7. Ng5 h6 8.
Nf3 O-O 9. Ne5 Re8 10. Bd3 f6 11. O-O fxe5 12. dxe5 Bxe5 13. Re1 Bf6 14. Rxe8+
Qxe8 15. Bf4 c6 16. Qf3 Bxb2 17. Rd1 Nd7 18. Qg3 Kh8 19. f3 Nf6 20. Re1 Bd4+ 21.
Kf1 Qg8 22. Qg6 Bd7 23. Bxh6 gxh6 24. Qxh6+ Nh7 25. Re7 Bg7 26. Qh5 Be8 27. Qh4
Bf7 28. Bxh7 Qxh7 29. Qg4 Bg8 30. Rxg7 Qxg7 31. Qh5+ Qh7 32. Qe5+ Qg7 33. Qh5+
Bh7 34. Qe5 Qxe5 35. f4 Qxf4+ 36. Ke1 Re8+ 37. Kd1 Qf1+ 38. Kd2 Qe1# {DaghsenAdem est échec et mat} 0-1

[Event "Tournament 14459 - Europe Echecs"]
[Site "Europe Echecs"]
[Date "2020.07.07"]
[Round "6"]
[Time "16:43:34"]
[PlyCount "52"]
[White "LimouzinSwann"]
[Black "BoulosPaul"]
[WhiteElo "1117"]
[BlackElo "1705"]
[Mode "WEB"]
[Result "1-0"]

1. e4 e5 2. Nf3 Nc6 3. Bc4 Bc5 4. b4 Bxb4 5. c3 Bc5 6. d4 exd4 7. cxd4 Bb4+ 8.
Bd2 Bxd2+ 9. Nbxd2 d5 10. Bxd5 Nf6 11. Qe2 Nxd5 12. exd5+ Ne7 13. O-O O-O 14.
Rfe1 Nxd5 15. Qe5 Be6 16. Ng5 Re8 17. Nxe6 Rxe6 18. Qg3 Qf6 19. Nf3 Nf4 20. Rxe6
fxe6 21. Re1 Rd8 22. Re4 e5 23. h3 Ne2+ 24. Rxe2 exd4 25. Qxc7 d3 26. Rd2 {BoulosPaul a abandonné} 1-0

[Event "Tournament 14459 - Europe Echecs"]
[Site "Europe Echecs"]
[Date "2020.07.07"]
[Round "6"]
[Time "16:43:34"]
[PlyCount "113"]
[White "BourloisMael"]
[Black "AboulasseSaad"]
[WhiteElo "1113"]
[BlackElo "1448"]
[Mode "WEB"]
[Result "0-1"]

1. e4 c5 2. Bc4 Nc6 3. Nc3 g6 4. d3 Bg7 5. f4 e6 6. Nf3 Nge7 7. O-O d5 8. Bb3
O-O 9. Qe1 a6 10. Qh4 b5 11. a3 Nd4 12. Ng5 h6 13. Nf3 Nxb3 14. cxb3 Bb7 15. f5
exf5 16. Bxh6 fxe4 17. dxe4 dxe4 18. Ng5 Nf5 19. Rxf5 gxf5 20. Bxg7 Kxg7 21.
Qh7+ Kf6 22. Rf1 Bc8 23. Ngxe4+ Ke7 24. Qh4+ f6 25. Nxc5 Rh8 26. Re1+ Kf7 27.
Qf2 Qd6 28. g3 Re8 29. Rxe8 Kxe8 30. Qe3+ Kf7 31. a4 b4 32. Ne2 Qd1+ 33. Kf2 Qh1
34. Nd4 Qxh2+ 35. Kf3 Qh5+ 36. Kf2 f4 37. Qxf4 Qxc5 38. Kf3 Qd5+ 39. Ke3 Qe5+
40. Qe4 Qxe4+ 41. Kxe4 Bb7+ 42. Kf5 Rd8 43. Ne6 Rd5+ 44. Ke4 Kxe6 45. g4 Rd2+
46. Ke3 Rxb2 47. Kd4 Rxb3 48. Kc4 Bd5+ 49. Kd4 Ra3 50. Kc5 b3 51. a5 Rxa5+ 52.
Kd4 b2 53. g5 b1=Q 54. Kc3 Rc5+ 55. Kd4 Qc2 56. gxf6 Qc3# {BourloisMael est échec et mat} 0-1

[Event "Tournament 14459 - Europe Echecs"]
[Site "Europe Echecs"]
[Date "2020.07.07"]
[Round "6"]
[Time "16:43:34"]
[PlyCount "63"]
[White "BelliniMatteo"]
[Black "CerclierLeo"]
[WhiteElo "1098"]
[BlackElo "1420"]
[Mode "WEB"]
[Result "0-1"]

1. e4 e5 2. Nf3 Nc6 3. Bb5 a6 4. Ba4 Nf6 5. d3 d6 6. c3 b5 7. Bc2 Bg4 8. h3 Bh5
9. Nbd2 d5 10. O-O dxe4 11. dxe4 Bd6 12. Re1 O-O 13. Nf1 Nd7 14. Ng3 Bg6 15. Bg5
f6 16. Bb3+ Kh8 17. Be3 f5 18. Qd5 Ne7 19. Qd3 f4 20. Nf1 fxe3 21. Qxe3 Bc5 22.
Qd3 Bh5 23. N1d2 Ng6 24. Bd5 Nf4 25. Qc2 Rb8 26. Bb3 Qf6 27. Rad1 Nxh3+ 28. gxh3
Bxf3 29. Nxf3 Qxf3 30. Kf1 Rf6 31. Re2 Qh1# {BelliniMatteo est échec et mat} 0-1

[Event "Tournament 14459 - Europe Echecs"]
[Site "Europe Echecs"]
[Date "2020.07.07"]
[Round "6"]
[Time "16:43:34"]
[PlyCount "62"]
[White "CleranLorene"]
[Black "ContieLilio"]
[WhiteElo "1086"]
[BlackElo "1315"]
[Mode "WEB"]
[Result "1-0"]

1. d4 d5 2. c4 Nc6 3. Nc3 Nf6 4. Nf3 Bf5 5. Ng1 e6 6. Bg5 Be7 7. Nf3 h6 8. Bxf6
Bxf6 9. e3 O-O 10. cxd5 exd5 11. Bb5 Re8 12. O-O Bg4 13. h3 Bh5 14. g4 Bg6 15.
Qb3 Be4 16. Ne5 Bxe5 17. dxe5 Rxe5 18. Nxe4 dxe4 19. Rad1 Qh4 20. Kh2 h5 21. Rg1
Qxf2+ 22. Rg2 Qh4 23. Bxc6 bxc6 24. Rd7 Re7 25. Rxe7 Qxe7 26. gxh5 Qe5+ 27. Kg1
Qxh5 28. Qc3 Qd1+ 29. Kh2 Qd6+ 30. Rg3 Rd8 31. Qxg7# {ContieLilio est échec et mat} 1-0

[Event "Tournament 14459 - Europe Echecs"]
[Site "Europe Echecs"]
[Date "2020.07.07"]
[Round "6"]
[Time "16:43:34"]
[PlyCount "93"]
[White "DabremontGuill"]
[Black "BildsteinNolan"]
[WhiteElo "1311"]
[BlackElo "1111"]
[Mode "WEB"]
[Result "1/2-1/2"]

1. e4 e5 2. Nf3 Nc6 3. Nc3 Nf6 4. Bc4 Bc5 5. Ng5 Ng4 6. Nxf7 Nxf2 7. Nxd8 Nxd1
8. Nxc6 Nxc3 9. Nxe5 Nxe4 10. d3 Nf6 11. Bf4 d6 12. Nf3 Bg4 13. O-O-O Bxf3 14.
gxf3 O-O-O 15. d4 d5 16. dxc5 dxc4 17. Rde1 Rhe8 18. Rxe8 Rxe8 19. b3 cxb3 20.
axb3 Nd5 21. Bd2 b6 22. cxb6 cxb6 23. Rg1 Re7 24. Rd1 Nf6 25. Bg5 Rd7 26. Rxd7
Kxd7 27. Kd2 h6 28. Be3 Kc6 29. c4 Kd6 30. Bf4+ Ke6 31. Bb8 a6 32. Ba7 Nd7 33.
b4 Kd6 34. c5+ bxc5 35. bxc5+ Nxc5 36. Bb8+ Kd5 37. Bg3 g5 38. h3 h5 39. Kc3 g4
40. fxg4 Ne4+ 41. Kb4 Nxg3 42. gxh5 Nxh5 43. Ka5 Ke4 44. Kxa6 Kf3 45. Kb6 Kg3
46. Kc6 Kxh3 {Aucun joueur n'a le mat&eacute;riel pour mater} 1/2-1/2

[Event "Tournament 14459 - Europe Echecs"]
[Site "Europe Echecs"]
[Date "2020.07.07"]
[Round "6"]
[Time "16:43:34"]
[PlyCount "88"]
[White "LuxOceane"]
[Black "SinivassaneRoj"]
[WhiteElo "1273"]
[BlackElo "1100"]
[Mode "WEB"]
[Result "1-0"]

1. e4 d5 2. exd5 e6 3. dxe6 Bxe6 4. Nf3 Qe7 5. Be2 Nc6 6. Nc3 O-O-O 7. d3 Nf6 8.
Be3 Bg4 9. Qd2 Bxf3 10. Bxf3 Qb4 11. O-O-O Qb5 12. Nxb5 a6 13. Bxc6 bxc6 14.
Na7+ Kb8 15. Nxc6+ Kc8 16. Nxd8 Kxd8 17. Bg5 Be7 18. Bxf6 Bxf6 19. Rde1 Kd7 20.
Re2 Rb8 21. Rhe1 Bxb2+ 22. Kd1 Bf6 23. Qf4 h6 24. Qg4+ Kd6 25. Re8 Rb7 26. Qf4+
Kd7 27. Qg4+ Kd6 28. Qc8 Rb1+ 29. Kd2 Bg5+ 30. Ke2 Rb2 31. Kf1 Rxc2 32. f4 Bh4
33. R1e5 Rf2+ 34. Ke1 Rxf4+ 35. Kd1 Rf1+ 36. Ke2 Rf2+ 37. Ke3 Bg5+ 38. Kxf2 Bh4+
39. g3 Bf6 40. Qxa6+ Kd7 41. Re2 Bd4+ 42. Kg2 Bb6 43. Qb5+ Kd6 44. Rd8# {SinivassaneRoj est échec et mat} 1-0

[Event "Tournament 14459 - Europe Echecs"]
[Site "Europe Echecs"]
[Date "2020.07.07"]
[Round "6"]
[Time "16:43:34"]
[PlyCount "213"]
[White "ChanthavongsaN"]
[Black "ThibousMael"]
[WhiteElo "1253"]
[BlackElo "1094"]
[Mode "WEB"]
[Result "1/2-1/2"]

1. e4 e5 2. Nf3 Nf6 3. Nxe5 d6 4. Nf3 Nxe4 5. Nc3 Nxc3 6. bxc3 Nc6 7. Bb5 Bd7 8.
O-O Be7 9. Re1 O-O 10. d4 Re8 11. c4 Na5 12. Bb2 a6 13. Bxd7 Qxd7 14. Qd3 Qa4
15. Nd2 Bg5 16. Nf3 Bh6 17. c5 dxc5 18. dxc5 Qb5 19. Qc3 Nc4 20. Rxe8+ Rxe8 21.
Rb1 Nxb2 22. Rxb2 Qc6 23. Rb1 b6 24. Re1 Rxe1+ 25. Qxe1 Qxc5 26. Qe8+ Qf8 27.
Qc6 Qd8 28. h3 Bf4 29. Qe4 Qd1+ 30. Qe1 Qxe1+ 31. Nxe1 f6 32. Nd3 Be5 33. Kf1
Kf7 34. f3 Ke6 35. Ke2 c5 36. Ke3 Bd4+ 37. Ke4 f5+ 38. Kf4 h6 39. Kg3 Be5+ 40.
Kf2 Bd4+ 41. Ke2 g5 42. g3 Be5 43. f4 Bd4 44. Kd2 a5 45. c3 Bg1 46. c4 Bd4 47.
a4 Bg1 48. Ne5 gxf4 49. gxf4 Bh2 50. Ke3 Bg1+ 51. Kf3 Bd4 52. Nd3 Kd6 53. Kg3
Ke6 54. Kh4 Kf6 55. Kh5 Kg7 56. Ne5 Bxe5 57. fxe5 f4 58. Kg4 b5 59. cxb5 c4 60.
b6 c3 61. b7 c2 62. b8=Q c1=Q 63. Qa7+ Kg6 64. Qb6+ Kg7 65. Qf6+ Kg8 66. Qg6+
Kf8 67. Qxh6+ Ke8 68. Qxf4 Qd1+ 69. Kf5 Qd3+ 70. Qe4 Qf1+ 71. Ke6 Qf7+ 72. Kd6
Qd7+ 73. Kc5 Qe7+ 74. Kd4 Qb4+ 75. Ke3 Qc3+ 76. Kf2 Qd2+ 77. Kg3 Qc3+ 78. Qf3
Qxe5+ 79. Qf4 Qc3+ 80. Kg4 Qg7+ 81. Qg5 Qd7+ 82. Kh5 Qxa4 83. Qe5+ Kd7 84. Kg6
Qc6+ 85. Kf5 Qc2+ 86. Kf6 Qf2+ 87. Kg6 Qg2+ 88. Kf7 Qf3+ 89. Kg6 Qg2+ 90. Kf5
Qxh3+ 91. Kf6 Qh8+ 92. Kf5 Qxe5+ 93. Kxe5 Kc6 94. Kd4 Kb5 95. Kc3 Kc5 96. Kd2 a4
97. Kc1 Kb4 98. Kb2 a3+ 99. Ka2 Ka4 100. Ka1 Kb3 101. Kb1 Kc3 102. Ka2 Kb4 103.
Ka1 Ka4 104. Ka2 Kb4 105. Ka1 Kc4 106. Ka2 Kb4 {Nulle par répétition} 1/2-1/2

[Event "Tournament 14459 - Europe Echecs"]
[Site "Europe Echecs"]
[Date "2020.07.07"]
[Round "6"]
[Time "16:43:34"]
[PlyCount "57"]
[White "RodriguezAugus"]
[Black "PerrinCyril"]
[WhiteElo "1229"]
[BlackElo "1084"]
[Mode "WEB"]
[Result "1/2-1/2"]

1. e4 e5 2. Nf3 Nc6 3. d4 exd4 4. Nxd4 Bc5 5. Be3 Qf6 6. c3 Nge7 7. Bc4 Nxd4 8.
Bxd4 Bxd4 9. Qxd4 Qxd4 10. cxd4 c6 11. Nc3 O-O 12. O-O a5 13. f4 b5 14. Bd3 Ba6
15. Rad1 b4 16. Ne2 d5 17. Bxa6 Rxa6 18. exd5 Nxd5 19. Rf3 Re8 20. Ng3 g6 21.
Kf2 Ra7 22. h3 Rae7 23. Rd2 Kg7 24. f5 f6 25. a3 Re3 26. Rxe3 Rxe3 27. axb4 axb4
28. Rc2 Rb3 {Nulle par accord mutuel} 1/2-1/2

[Event "Tournament 14459 - Europe Echecs"]
[Site "Europe Echecs"]
[Date "2020.07.07"]
[Round "6"]
[Time "16:43:34"]
[PlyCount "144"]
[White "MigusEthan"]
[Black "AnseeuwEmma"]
[WhiteElo "1084"]
[BlackElo "1228"]
[Mode "WEB"]
[Result "1-0"]

1. e4 e5 2. Nf3 Nc6 3. Bc4 Nf6 4. Nc3 Bd6 5. d3 Bc5 6. Qe2 O-O 7. Bg5 d6 8. Nd5
h6 9. Nxf6+ gxf6 10. Bxh6 Kh7 11. Bxf8 Qxf8 12. Nh4 Qh6 13. Nf3 Kg7 14. g3 Kf8
15. Nh4 Nd4 16. Qd1 Qg5 17. Nf3 Nxf3+ 18. Qxf3 Bg4 19. Qg2 f5 20. h3 Bh5 21. O-O
fxe4 22. Qxe4 Qg6 23. Qxg6 Bxg6 24. Kg2 Ke7 25. f4 exf4 26. Rxf4 Rh8 27. Re1+
Kd7 28. Bxf7 Bh7 29. Be6+ Kc6 30. d4 Bb4 31. d5+ Kb6 32. Rxb4+ Ka6 33. a4 Bxc2
34. Rc1 Bd3 35. Rxc7 Rb8 36. h4 Rf8 37. Rf4 Rb8 38. h5 Rh8 39. g4 Kb6 40. Rg7
Kc5 41. g5 b5 42. axb5 Kxb5 43. h6 Bc4 44. g6 Bd3 45. h7 Bxg6 46. Rxg6 Rxh7 47.
Rf7 Rh4 48. Rxa7 Rd4 49. Bg8 Rd2+ 50. Kf3 Rd3+ 51. Ke4 Rb3 52. Rxd6 Rxb2 53. Rf6
Re2+ 54. Kf5 Rg2 55. Ra8 Rf2+ 56. Ke6 Re2+ 57. Kd6 Kc4 58. Ra4+ Kb3 59. Ra8 Rc2
60. Kd7 Kb4 61. d6 Kb5 62. Ke7 Rd2 63. d7 Rd5 64. Bxd5 Kc5 65. d8=Q Kd4 66. Bb7+
Kc5 67. Ra5+ Kb4 68. Qb6+ Kc4 69. Rf4+ Kd3 70. Qd4+ Ke2 71. Ra2+ Ke1 72. Qg1# {AnseeuwEmma est échec et mat} 1-0

[Event "Tournament 14459 - Europe Echecs"]
[Site "Europe Echecs"]
[Date "2020.07.07"]
[Round "6"]
[Time "16:43:34"]
[PlyCount "44"]
[White "BennaniJoachim"]
[Black "HorsotMaeva"]
[WhiteElo "1226"]
[BlackElo "1070"]
[Mode "WEB"]
[Result "1-0"]

1. e4 e5 2. Nf3 Nc6 3. Bc4 Bc5 4. d3 Nf6 5. Nc3 h6 6. O-O O-O 7. h3 d6 8. Qe2
Be6 9. Bb3 Qe7 10. Be3 Bb6 11. Rfe1 Rfe8 12. Rad1 Rad8 13. d4 exd4 14. Nxd4 Nxd4
15. Bxd4 d5 16. exd5 Nxd5 17. Nxd5 Bxd5 18. Qxe7 Rxe7 19. Rxe7 Bxd4 20. Rxd4
Bxb3 21. Rxd8+ Kh7 22. axb3 {HorsotMaeva a abandonné} 1-0

[Event "Tournament 14459 - Europe Echecs"]
[Site "Europe Echecs"]
[Date "2020.07.07"]
[Round "6"]
[Time "16:43:34"]
[PlyCount "129"]
[White "OuadiSammy"]
[Black "TavaresRibeiro"]
[WhiteElo "1080"]
[BlackElo "1225"]
[Mode "WEB"]
[Result "0-1"]

1. d4 Nf6 2. c4 g6 3. Nc3 Bg7 4. e4 O-O 5. Nf3 d6 6. Bd3 Nbd7 7. O-O c5 8. d5
Nb6 9. Re1 e6 10. Bg5 Qc7 11. Qd2 Re8 12. Bh6 Bh8 13. Rad1 exd5 14. exd5 Bg4 15.
Qf4 Bxf3 16. Qxf3 Bg7 17. Bxg7 Kxg7 18. Re2 Rxe2 19. Bxe2 Re8 20. Bd3 Nbd7 21.
Ne4 Nxe4 22. Bxe4 Ne5 23. Qc3 Kg8 24. Re1 Nd7 25. Bf3 Rxe1+ 26. Qxe1 Ne5 27. Be2
Qe7 28. h3 Nxc4 29. Qd1 Nb6 30. Bf3 Qe5 31. Qc1 Nxd5 32. b3 b6 33. Qd1 Nf6 34.
Qf1 Qe7 35. Qa6 Kg7 36. Qd3 Qe5 37. Qa6 Qe7 38. Qd3 Nd7 39. Qa6 Ne5 40. Be2 d5
41. Bf1 d4 42. Qe2 Nc6 43. Qb5 Nb4 44. a3 Nd5 45. Qc4 Nf6 46. Qd3 Qe4 47. Qa6
Qe7 48. Qd3 Ne4 49. Qe2 Qb7 50. Qf3 Nd6 51. Qe2 Qd7 52. Qe5+ f6 53. Qe2 Kf7 54.
Kh1 Qe7 55. Qd1 Qe5 56. Qf3 Qe4 57. Qd1 Nf5 58. Bc4+ Ke7 59. Bf1 Kd6 60. f3 Ng3+
61. Kg1 Qe3+ 62. Kh2 Nxf1+ 63. Qxf1 d3 64. Qd1 d2 {OuadiSammy a abandonné} 0-1

[Event "Tournament 14459 - Europe Echecs"]
[Site "Europe Echecs"]
[Date "2020.07.07"]
[Round "6"]
[Time "16:43:34"]
[PlyCount "170"]
[White "MarzolfSamuel"]
[Black "SauerMathis"]
[WhiteElo "1220"]
[BlackElo "1058"]
[Mode "WEB"]
[Result "1-0"]

1. e4 e5 2. Nf3 Nc6 3. d4 exd4 4. Nxd4 Bc5 5. Be3 Qf6 6. c3 Nge7 7. Bc4 O-O 8.
O-O d6 9. Qd2 Be6 10. Bxe6 fxe6 11. a3 d5 12. exd5 exd5 13. Nxc6 Bxe3 14. Nxe7+
Qxe7 15. fxe3 c6 16. Qe2 Rxf1+ 17. Kxf1 Rf8+ 18. Kg1 c5 19. Nd2 d4 20. cxd4 cxd4
21. Qc4+ Kh8 22. Qxd4 Rd8 23. Qc3 Rd7 24. Qc8+ Rd8 25. Qc3 Rd7 26. Rc1 Rd8 27.
Nf3 h6 28. Qe5 Qd7 29. Qc7 Qd5 30. Qc2 Qe6 31. Kf2 Qf7 32. Rd1 Rb8 33. Qd2 Rf8
34. Qd5 Qe7 35. Qd7 Qe4 36. Qd3 Qe7 37. Ke2 Rg8 38. Qd7 Qe4 39. Qd3 Qc6 40. Rd2
Qc7 41. g3 Qc6 42. Rc2 Qb6 43. Qd4 Qa6+ 44. Qc4 Qf6 45. Qf4 Qb6 46. Qb4 Qa6+ 47.
Kf2 Kh7 48. Qe4+ Kh8 49. Qc4 Qd6 50. Qc7 Qa6 51. Rc5 b6 52. Rc2 Qb5 53. Qc4 Qd7
54. Qc7 Qa4 55. Rc4 Qa5 56. Qe5 Qa6 57. Qe4 b5 58. Rc6 Qa5 59. Qb4 Qxb4 60. axb4
Ra8 61. Rc5 a6 62. Ne5 Rf8+ 63. Ke2 Rf6 64. Rc8+ Kh7 65. Rc6 Rf5 66. Nf3 Rf8 67.
Rxa6 Rb8 68. Ra5 Kg6 69. Nd4 Kf6 70. Rxb5 Rc8 71. Kd3 Ra8 72. Rc5 Ra2 73. Kc3
Ra6 74. b5 Rb6 75. Rc6+ Rxc6+ 76. bxc6 Ke7 77. Kc4 Kd6 78. b4 Kc7 79. Kc5 g6 80.
Ne6+ Kc8 81. b5 h5 82. b6 h4 83. b7+ Kb8 84. Kb6 hxg3 85. c7# {SauerMathis est échec et mat} 1-0

[Event "Tournament 14459 - Europe Echecs"]
[Site "Europe Echecs"]
[Date "2020.07.07"]
[Round "6"]
[Time "16:43:34"]
[PlyCount "84"]
[White "HeemAlice"]
[Black "DespauxAxel"]
[WhiteElo "1203"]
[BlackElo "1041"]
[Mode "WEB"]
[Result "1-0"]

1. e3 e5 2. d4 exd4 3. exd4 d5 4. Bb5+ c6 5. Be2 Nf6 6. Bg5 h6 7. Bf4 Bf5 8. Nc3
Bb4 9. Nf3 O-O 10. O-O Bxc3 11. bxc3 Nbd7 12. Rb1 b6 13. Ne5 Nxe5 14. dxe5 Ne4
15. Qd4 c5 16. Qe3 d4 17. cxd4 cxd4 18. Qc1 Nc3 19. Bf3 Nxb1 20. Bxa8 Qxa8 21.
Qxb1 Qc8 22. h3 Bxc2 23. Qb2 Bd3 24. Rc1 Qd7 25. Rd1 Bg6 26. Rxd4 Qc7 27. e6 Qc6
28. exf7+ Bxf7 29. Rd6 Qc4 30. Qe5 Qxa2 31. Be3 Re8 32. Qg3 Qb1+ 33. Kh2 Qh7 34.
Rd7 Ra8 35. Qf3 Qg6 36. Qxa8+ Kh7 37. Qxa7 Be8 38. Re7 Qd6+ 39. g3 Bc6 40. Rxg7+
Kh8 41. Rh7+ Kg8 42. Qg7# {DespauxAxel est échec et mat} 1-0

[Event "Tournament 14459 - Europe Echecs"]
[Site "Europe Echecs"]
[Date "2020.07.07"]
[Round "6"]
[Time "16:43:34"]
[PlyCount "62"]
[White "SenegasAngelo"]
[Black "DincovChristia"]
[WhiteElo "1200"]
[BlackElo "1019"]
[Mode "WEB"]
[Result "1-0"]

1. e4 e6 2. d4 d5 3. exd5 exd5 4. Bf4 Nf6 5. Bd3 Bb4+ 6. c3 Bd6 7. Bxd6 Qxd6 8.
Nf3 Bg4 9. O-O O-O 10. h3 Bh5 11. Nbd2 Re8 12. Re1 Nbd7 13. Qb3 a5 14. Bb5 c6
15. Bd3 a4 16. Qxb7 Reb8 17. Qxa8 Rxa8 18. Ng5 h6 19. Ngf3 Re8 20. Rxe8+ Nxe8
21. Re1 Nef6 22. Nh4 Qb8 23. g4 Bg6 24. Nxg6 fxg6 25. Bxg6 Qxb2 26. Nf3 Qxa2 27.
Ne5 Nxe5 28. Rxe5 Qb1+ 29. Bxb1 Nd7 30. Re7 Nf6 31. Ra7 {DincovChristia a abandonné} 1-0

[Event "Tournament 14459 - Europe Echecs"]
[Site "Europe Echecs"]
[Date "2020.07.07"]
[Round "6"]
[Time "16:43:34"]
[PlyCount "96"]
[White "VossZachary"]
[Black "LamorelleAlexe"]
[WhiteElo "1196"]
[BlackElo "1009"]
[Mode "WEB"]
[Result "1/2-1/2"]

1. e4 e5 2. Nf3 Nc6 3. Bb5 Nf6 4. d3 Bc5 5. O-O d6 6. h3 O-O 7. Nc3 Nd4 8. Bg5
h6 9. Bh4 Be6 10. Ba4 Re8 11. Nxd4 Bxd4 12. Ne2 c6 13. Nxd4 exd4 14. Bb3 Bxb3
15. axb3 d5 16. Re1 dxe4 17. dxe4 Qd6 18. Qe2 Nxe4 19. f3 Nf6 20. Qf2 Rxe1+ 21.
Rxe1 Re8 22. Bxf6 Rxe1+ 23. Qxe1 Qxf6 24. Qe8+ Kh7 25. Qa8 Qf4 26. Qxb7 Qc1+ 27.
Kh2 Qxc2 28. Qxa7 Qxb3 29. Qxd4 c5 30. Qxc5 Qxb2 31. Qf5+ Kg8 32. Qc8+ Kh7 33.
Qf5+ Kg8 34. Qc8+ Kh7 35. Qg4 Qe5+ 36. Qg3 Qxg3+ 37. Kxg3 Kg6 38. f4 Kf5 39. Kf3
g5 40. g4+ Kg6 41. Ke4 gxf4 42. Kxf4 f6 43. h4 h5 44. gxh5+ Kxh5 45. Kg3 f5 46.
Kf4 Kg6 47. h5+ Kxh5 48. Kxf5 {Aucun joueur n'a le mat&eacute;riel pour mater} 1/2-1/2

[Event "Tournament 14459 - Europe Echecs"]
[Site "Europe Echecs"]
[Date "2020.07.07"]
[Round "6"]
[Time "16:43:34"]
[PlyCount "78"]
[White "BaderThomas"]
[Black "SixRobert"]
[WhiteElo "1072"]
[BlackElo "1187"]
[Mode "WEB"]
[Result "1-0"]

1. e4 e5 2. Bc4 Nf6 3. d3 h6 4. Nf3 Bc5 5. Nxe5 d6 6. Nxf7 Qe7 7. Nxh8 Ng4 8.
O-O Qh4 9. h3 Nxf2 10. Bf7+ Kd8 11. Qf3 Nxh3+ 12. Kh1 Ng5+ 13. Qh3 Nxh3 14. Ng6
Nf4+ 15. Nxh4 g5 16. Bxf4 gxh4 17. Bxh6 Bg4 18. Bg5+ Kd7 19. Bxh4 Nc6 20. Bg6
Be6 21. Nc3 Rh8 22. g3 Ne5 23. Bf5 Bxf5 24. Rxf5 Ng6 25. Rf7+ Ke8 26. Rxc7 Nxh4
27. gxh4 Rxh4+ 28. Kg2 Rg4+ 29. Kf3 Rg8 30. Rxb7 Rf8+ 31. Kg4 Rg8+ 32. Kf5 Rf8+
33. Ke6 Bb6 34. Nd5 Rf7 35. Rxf7 Bd8 36. Nf6+ Bxf6 37. Kxf6 d5 38. Rh1 a5 39.
Rh8# {SixRobert est échec et mat} 1-0

[Event "Tournament 14459 - Europe Echecs"]
[Site "Europe Echecs"]
[Date "2020.07.07"]
[Round "6"]
[Time "16:43:34"]
[PlyCount "50"]
[White "RobertPaul"]
[Black "DevezeLeopold"]
[WhiteElo "1070"]
[BlackElo "1180"]
[Mode "WEB"]
[Result "1/2-1/2"]

1. e4 d5 2. exd5 Qxd5 3. Nc3 Qa5 4. d4 c6 5. Nf3 Nf6 6. Bd2 Bg4 7. h3 Bh5 8. g4
Bg6 9. Ne4 Qc7 10. Nxf6+ gxf6 11. Bg2 Nd7 12. Bb4 O-O-O 13. O-O e6 14. Re1 Bxb4
15. Re3 Qf4 16. Rb3 Bd6 17. Qd3 Bxd3 18. Rxd3 Nb6 19. Rad1 Nc4 20. Rb3 h5 21.
Rdd3 Nxb2 22. Rxb2 hxg4 23. hxg4 Qc1+ 24. Bf1 Bh2+ 25. Nxh2 {Nulle par accord mutuel} 1/2-1/2

[Event "Tournament 14459 - Europe Echecs"]
[Site "Europe Echecs"]
[Date "2020.07.07"]
[Round "6"]
[Time "16:43:34"]
[PlyCount "108"]
[White "DupratNathanie"]
[Black "BaronArthur"]
[WhiteElo "1172"]
[BlackElo "950"]
[Mode "WEB"]
[Result "1-0"]

1. e4 e5 2. Bc4 Nc6 3. b4 Bxb4 4. c3 Bc5 5. a4 Nf6 6. a5 Nxe4 7. Qh5 O-O 8. Bd3
Nf6 9. Qh3 d5 10. Qg3 Bd7 11. Bc2 Re8 12. d3 Qe7 13. Qh4 Bf5 14. Nf3 e4 15. dxe4
Nxe4 16. O-O Qxh4 17. Nxh4 Be6 18. Bxe4 dxe4 19. Kh1 Bd6 20. f3 exf3 21. Rxf3
Bg4 22. Rf1 Be6 23. g3 Bd5+ 24. Ng2 Bxg2+ 25. Kxg2 Re2+ 26. Kh3 h5 27. Bf4 Be7
28. Bxc7 g5 29. g4 Re3+ 30. Kg2 hxg4 31. c4 Rc8 32. Bg3 Re2+ 33. Kg1 Bc5+ 34.
Kh1 Nd4 35. Nc3 Rc2 36. Rac1 Rxc1 37. Rxc1 Re8 38. Nd5 Nf3 39. Nf6+ Kf8 40. Nxe8
Kxe8 41. Rc3 b6 42. a6 f5 43. h3 f4 44. Bh2 Nxh2 45. Kxh2 g3+ 46. Kg2 Bf2 47.
Rc2 Ke7 48. Re2+ Kf6 49. Kf3 Kf5 50. Re7 g4+ 51. hxg4+ Kg5 52. Rxa7 Kh4 53. Rb7
Kh3 54. Rh7# {BaronArthur est échec et mat} 1-0

[Event "Tournament 14459 - Europe Echecs"]
[Site "Europe Echecs"]
[Date "2020.07.07"]
[Round "6"]
[Time "16:43:34"]
[PlyCount "49"]
[White "VerdierAnais"]
[Black "JoinErnest"]
[WhiteElo "1159"]
[BlackElo "860"]
[Mode "WEB"]
[Result "1-0"]

1. d4 d5 2. c4 c5 3. e3 Nc6 4. Nf3 Nf6 5. Nc3 e6 6. b3 Qa5 7. Bd2 cxd4 8. exd4
Bb4 9. Qc2 Bxc3 10. Bxc3 Qb6 11. c5 Qc7 12. Bd3 O-O 13. O-O Ng4 14. Bxh7+ Kh8
15. h3 g6 16. Bxg6 fxg6 17. hxg4 Qf4 18. Qxg6 Rg8 19. Qh5+ Kg7 20. Ng5 Kf8 21.
Qh6+ Ke8 22. Qh5+ Kd7 23. Qh7+ Kd8 24. Qxg8+ Kc7 {JoinErnest a abandonné} 1-0

[Event "Tournament 14459 - Europe Echecs"]
[Site "Europe Echecs"]
[Date "2020.07.07"]
[Round "6"]
[Time "16:43:34"]
[PlyCount "103"]
[White "LuuFreundEstel"]
[Black "DeGouyEdgar"]
[WhiteElo "1046"]
[BlackElo "1155"]
[Mode "WEB"]
[Result "0-1"]

1. e4 c5 2. Nf3 Nc6 3. d4 cxd4 4. Nxd4 e6 5. Nc3 Bc5 6. Be3 Qf6 7. Nxc6 Bxe3 8.
fxe3 bxc6 9. Qd2 Ne7 10. g4 Qh4+ 11. Qf2 Qxg4 12. h3 Qh5 13. Be2 Qa5 14. O-O
Qg5+ 15. Kh2 O-O 16. Rg1 Qe5+ 17. Kh1 Bb7 18. Qg2 Ng6 19. h4 Nxh4 20. Qg4 Ng6
21. Raf1 d5 22. exd5 cxd5 23. Rf2 d4+ 24. Bf3 Bxf3+ 25. Rxf3 dxc3 26. bxc3 Qd5
27. Rg2 f5 28. Qh3 Ne5 29. Qg3 Rf7 30. Qh3 Qxf3 31. Qh4 Ng4 32. Kg1 Qxe3+ 33.
Kh1 Qf3 34. Kg1 Ne3 35. Rf2 Qg4+ 36. Qxg4 Nxg4 37. Rd2 Ne5 38. Kg2 Rf6 39. Kg3
Rg6+ 40. Kf4 Rg4+ 41. Kxe5 Re4+ 42. Kd6 Rd8+ 43. Ke7 Rxd2 44. Ke8 Rxc2 45. c4
Rcxc4 46. a4 e5 47. Kd7 Red4+ 48. Ke6 e4 49. a5 e3 50. a6 e2 51. Ke7 e1=Q# {LuuFreundEstel est échec et mat} 0-1